[Event "2nd Stars Cup 2017"]
[Site "Anzali"]
[Date "2017.07.13"]
[Round "2"]
[White "Sokolov, Ivan"]
[Black "Mosadeghpour, Masoud"]
[Result "1/2-1/2"]
[WhiteElo "2626"]
[BlackElo "2469"]
[Annotator "TA"]
[PlyCount "81"]
[EventDate "2017.??.??"]
[EventType "schev"]
[EventCountry "IRI"]
[SourceTitle "playchess.com"]
[Source "ChessBase"]
[SourceQuality "1"]

{[%evp 9,81,25,20,16,14,10,27,16,19,10,22,0,0,-40,16,6,27,40,44,29,35,-121,-115,-135,-66,-162,-131,-166,-141,-143,-142,-199,-189,-265,-273,-400,-379,-486,-388,-383,-368,-359,-280,-264,-272,-293,-245,-254,-220,-207,-189,-172,-148,-154,-127,-181,-157,-188,-120,-118,-126,-122,-76,-74,0,0,0,0,0,-80,-63,-62,0,0]} 1. c4 e6 2. Nc3 Bb4 3. Qb3 Na6 (3... a5 4. a3 Bxc3 5. Qxc3 Nf6 6. b3 O-O 7. Bb2 d6 8. e3 e5 9. d4 Nc6 10. dxe5 dxe5 11. Bd3 {½-½ (29) Aronian,L (2785)-Riazantsev,A (2671) Sharjah 2017}) 4. a3 Ba5 $146 ({Predecessor:} 4... Be7 5. d4 Nf6 6. e4 O-O 7. Nf3 d6 8. Be2 c5 9. d5 e5 10. h3 b6 11. Be3 {½-½ (80) Baumegger,S (2442)-Fucak,E (2280) Rijeka 2010}) 5. e4 e5 6. Nge2 {A13: English Opening: 1...e6} (6. f4 $5) 6... Nf6 7. g3 Bb6 8. Bg2 {White has an edge.} h5 9. Na4 h4 10. Qc3 {c5 is the strong threat.} d6 11. b4 h3 ({Better is} 11... hxg3 $15 12. hxg3 Rxh1+ 13. Bxh1 Qd7 14. Nxb6 Qh3) 12. Bf3 $11 Bg4 13. Nxb6 Bxf3 14. Qxf3 axb6 15. d4 $2 {[#]} (15. Bb2 $14) 15... Nxb4 $1 $17 {[%mdl 512] And now ...Nc2+ would win.} 16. O-O (16. axb4 Rxa1) 16... Nc6 (16... Nc2 $17 17. dxe5 dxe5) 17. Bb2 (17. d5 $1 $15 Nb8 18. Nc3) 17... Qe7 18. Rfe1 O-O 19. d5 Na5 20. Qd3 (20. Rac1 $17) 20... Nd7 $1 $19 {[%cal Bf6d7,Bd7c5,Bc5a4,Ba4b2][%mdl 32]} 21. Rac1 (21. f4 $142) 21... Nc5 22. Qf3 (22. Qc2 $142) 22... Qg5 23. Rc3 Qd2 {[%cal Rd2e1]} 24. Rb1 Na4 25. Qd3 Nxc4 ({And not} 25... Nxc3 26. Qxd2 Nxb1 27. Qc2 $16) 26. Qxc4 Nxb2 27. Qb3 Qxe2 28. Re3 Qd2 29. Qxb2 Qxb2 30. Rxb2 {[%mdl 4096] Endgame KRR-KRR} Ra5 31. g4 Ra4 32. f3 (32. Rb4 $17 Rfa8 33. Rxh3) 32... Rfa8 33. Rc2 Rxa3 ({Black should try} 33... b5 $1 $19 34. Kf2 Rc4) 34. Rxa3 $17 Rxa3 $19 {KR-KR} 35. Kf2 Kf8 36. Rxc7 {[#]} Ke8 (36... Ra7 $1 $17) 37. Rxb7 $11 Rb3 38. g5 g6 39. Kg3 {[#]} (39. Rb8+ $11 {remains equal.} Ke7 40. Rb7+ Ke8 41. Rb8+ Ke7 42. Rb7+ Ke8) 39... b5 $1 $17 40. Rb6 Ke7 (40... Kd7 $1 $15) 41. Rb7+ {Precision: White = 40%, Black = 48%.} 1/2-1/2

[Event "2nd Stars Cup 2017"]
[Site "Anzali"]
[Date "2017.07.13"]
[Round "2"]
[White "Maghsoodloo, Parham"]
[Black "Wen, Yang"]
[Result "1/2-1/2"]
[WhiteElo "2584"]
[BlackElo "2617"]
[Annotator "TA"]
[PlyCount "120"]
[EventDate "2017.??.??"]
[EventType "schev"]
[EventCountry "IRI"]
[SourceTitle "playchess.com"]
[Source "ChessBase"]
[SourceQuality "1"]

{[%evp 18,120,52,45,70,70,95,106,122,109,100,70,91,77,137,88,103,89,111,43,44,16,124,69,78,60,62,0,0,7,7,12,8,5,136,136,130,53,100,39,245,235,257,225,247,279,248,230,231,237,343,341,439,422,435,310,440,439,419,435,491,486,520,520,520,509,458,225,217,259,259,259,259,164,251,222,266,263,560,556,539,530,484,341,235,25,35,8,8,8,8,8,8,8,8,8,8,8,8,8,8,8,8,0,0]} 1. Nf3 d5 2. g3 g6 3. Bg2 Bg7 4. O-O e5 5. c4 d4 6. d3 Ne7 7. b4 a5 {A09: Réti Opening: 1 Nf3 d5 2 c4} 8. b5 c5 9. a4 O-O 10. Ra2 {LiveBook: 17 Games} h6 11. e3 Be6 $146 ({Predecessor:} 11... dxe3 12. Bxe3 Nd7 13. Qc1 Kh7 14. Nbd2 Rb8 15. Ne4 Qc7 16. b6 Qxb6 17. Qa3 Nf5 18. Bxc5 Nxc5 19. Nxc5 Rd8 20. Ne4 Be6 21. Rfa1 {½-½ (21) Bosiocic,M (2557)-Khenkin,I (2614) Sibenik 2010}) 12. exd4 cxd4 13. Re2 Nd7 14. Ba3 Re8 15. Rfe1 g5 (15... Rc8 $142) 16. Nbd2 {[%cal Bb1d2,Bd2e4,Be4d6,Bd6b7][%mdl 32]} Ng6 17. Ne4 Bf8 18. Bxf8 (18. Nd6 $16) 18... Rxf8 $14 19. Qc1 {And now h4! would win.} Bf5 (19... Kg7 $1 $11 {keeps the balance.}) 20. Nfd2 (20. Nd6 $16 Bxd3 21. Rd2) 20... Bg4 21. Nd6 Qc7 22. Qa3 (22. c5 $1 $14) 22... Bxe2 $11 23. Rxe2 Qc5 $1 {[%cal Rc5a3]} 24. Qxc5 Nxc5 25. Nxb7 Nxd3 (25... Nxa4 $11 {remains equal.} 26. Nb1 Ra7) 26. Nb3 $1 $16 f5 27. Bd5+ ({White should play} 27. c5 $16) 27... Kh8 28. N7xa5 (28. Nd6 $1 $16 Rab8 29. Nxa5) 28... Nc1 $2 (28... Ra7 $1 $14) 29. Nxc1 $18 Rxa5 30. Ra2 $1 Ne7 31. Nb3 {[%mdl 1024] White has strong compensation.} Ra7 32. Bg2 ({Much less strong is} 32. b6 $6 Nxd5 33. bxa7 Nb4 $16) 32... Rb8 33. a5 d3 {[#]} (33... h5 $142 34. b6 Ra6) 34. g4 $1 {[%mdl 512]} Nc8 (34... fxg4 35. b6) 35. gxf5 Nd6 36. Bd5 Nxb5 (36... Kg7 $142 37. a6 Rb6) 37. cxb5 Rxb5 38. Bc4 Rb4 39. Nd2 e4 40. a6 Kg7 41. Kg2 h5 42. Ra5 (42. Bd5 $142) 42... e3 43. fxe3 Rb2 44. Ra2 Rxa2 45. Bxa2 {Bc4 is the strong threat.} Rxa6 46. Bc4 Ra1 {[#]} 47. Ne4 $1 Re1 $2 (47... d2 48. Nxd2 Rc1) 48. Kf2 Re2+ 49. Kf3 Rxh2 50. Bxd3 Rh3+ {[#]} 51. Kf2 $2 ({Only move:} 51. Ke2 $1 $18) 51... g4 $11 52. Ng5 Rh1 {The position is equal.} 53. Bf1 h4 $132 {[%mdl 2048] Black has counterplay} 54. Kg2 Rxf1 $1 55. Kxf1 {[%mdl 4096] Endgame KN-KPP} Kf6 56. Ne4+ Kxf5 57. Nf2 Kg5 $1 58. Kg1 Kf5 59. Kg2 g3 60. e4+ (60. Nh3 $5 {[%cal Rg2f3]}) 60... Ke5 {Precision: White = 55%, Black = 50%.} 1/2-1/2

[Event "2nd Stars Cup 2017"]
[Site "Anzali"]
[Date "2017.07.13"]
[Round "2"]
[White "Idani, Pouya"]
[Black "Jobava, Baadur"]
[Result "1/2-1/2"]
[WhiteElo "2578"]
[BlackElo "2714"]
[Annotator "TA"]
[PlyCount "64"]
[EventDate "2017.??.??"]
[EventType "schev"]
[EventCountry "IRI"]
[SourceTitle "playchess.com"]
[Source "ChessBase"]
[SourceQuality "1"]

{[%evp 21,64,35,45,46,56,38,27,18,30,18,31,0,0,0,0,0,37,41,44,12,16,14,25,12,17,28,20,9,22,0,0,0,0,0,0,0,0,0,7,0,27,-4,39,27,12]} 1. e4 e5 2. Nf3 Nf6 3. Nxe5 d6 4. Nf3 Nxe4 5. d4 d5 6. Bd3 Bd6 7. O-O O-O 8. c4 c6 9. Qc2 Na6 10. a3 f5 11. Nc3 Nc7 12. Be3 {C42: Petroff Defence: 3 Nxe5 and unusual White 3rd moves} Kh8 $146 ({Predecessor:} 12... Qf6 13. Rae1 Kh8 14. c5 Be7 15. b4 g5 16. Ne5 Qg7 17. f3 Nxc3 18. Qxc3 f4 19. Bf2 Bf5 20. Bxf5 Rxf5 {1-0 (49) Matei,C (2574)-Koesebay,O (2512) ICCF email 2009}) 13. c5 Be7 14. Ne2 Bf6 15. Ne5 Ne6 16. f3 (16. f4 {keeps more tension.} Bd7 17. b4 Qe7 18. Rab1 Be8 19. a4) 16... N4xc5 $1 17. Nxc6 bxc6 18. dxc5 f4 19. Bf2 h6 20. Bf5 Rb8 21. Rab1 Be5 22. Bxe6 Bxe6 23. Nd4 Bd7 24. Rbe1 Qf6 25. Rd1 a5 26. Rfe1 Rfe8 27. Re2 Re7 28. Qd2 a4 29. Rde1 Rbe8 {[#] White must now prevent ...Bxd4.} 30. Qd1 Qg6 31. Qc2 Qg5 (31... Kh7 $5) 32. Kh1 (32. h4 $5 {[%cal Rh4g5]} Qh5 33. Kf1 $11) 32... Ra8 $1 {Precision: White = 56%, Black = 56%.} 1/2-1/2

[Event "2nd Stars Cup 2017"]
[Site "Anzali"]
[Date "2017.07.13"]
[Round "2"]
[White "Tabatabaei, M amin"]
[Black "Shirov, Alexei"]
[Result "1/2-1/2"]
[WhiteElo "2509"]
[BlackElo "2656"]
[Annotator "TA"]
[PlyCount "45"]
[EventDate "2017.??.??"]
[EventType "schev"]
[EventCountry "IRI"]
[SourceTitle "playchess.com"]
[Source "ChessBase"]
[SourceQuality "1"]

{[%evp 19,45,17,20,18,4,-43,-13,-31,-6,-24,-26,-111,-115,-102,-24,-20,0,0,0,0,0,0,0,-483,0,0,0,0]} 1. d4 d5 2. c4 c6 3. Nf3 Nf6 4. e3 Bg4 5. cxd5 Bxf3 6. Qxf3 cxd5 7. Nc3 {D11: Slav Defence: 3 Nf3 sidelines and 3...Nf6 4 e3 Bg4} (7. Bd3 Nc6 8. O-O e6 9. a3 Be7 10. b4 O-O 11. Bb2 Qd7 12. Nd2 a5 13. b5 Na7 14. a4 Bb4 {½-½ (33) Wojtaszek,R (2741)-Giri,A (2793) Baku 2015}) 7... e6 8. Bd3 Nc6 {[%cal Bb8c6,Bc6d4,Bd4e2][%mdl 32]} 9. Bd2 Be7 10. O-O O-O {LiveBook: 26 Games} 11. Rad1 Rc8 12. e4 $146 ({Predecessor:} 12. Qh3 g6 13. f4 Ne8 14. g4 f5 15. Qg2 Kh8 16. g5 Nd6 17. Qe2 {1-0 (54) Moroni,L (2328)-Lutard,T (2056) Durban 2014}) 12... Nxd4 13. Qh3 $1 dxe4 14. Nxe4 g6 15. Ng5 (15. Bh6 $11) 15... Qd5 $17 16. Be3 {[#]} Rfd8 {[#]} ({Better is} 16... Nf5 $1 $17 {[%cal Rf5e3]} 17. Bxa7 Rfd8) 17. Bxg6 $1 $11 {[%mdl 512]} Ne2+ (17... fxg6 18. Rxd4) 18. Kh1 Qxd1 {[%cal Rd1f1]} 19. Bxh7+ Kf8 {[%cal Rd1f1] [#]} 20. Nxe6+ $1 {[%mdl 512]} Ke8 {[%cal Rd1f1]} (20... fxe6 $2 21. Qh6+ Ke8 22. Bg6+ Kd7 23. Rxd1+ $18) 21. Ng7+ Kf8 {[%cal Rd1f1] [#]} 22. Ne6+ $1 {[%mdl 512]} Ke8 {[%cal Rd1f1]} ({Don't go for} 22... fxe6 $2 23. Qh6+ Ke8 24. Bg6+ Kd7 25. Rxd1+ $18) 23. Ng7+ {Precision: White = 56%, Black = 67%.} 1/2-1/2

[Event "2nd Stars Cup 2017"]
[Site "Anzali"]
[Date "2017.07.13"]
[Round "2"]
[White "Mousavi, Seyed Khalil"]
[Black "Van Wely, Loek"]
[Result "1/2-1/2"]
[WhiteElo "2424"]
[BlackElo "2675"]
[Annotator "TA"]
[PlyCount "51"]
[EventDate "2017.??.??"]
[EventType "schev"]
[EventCountry "IRI"]
[SourceTitle "playchess.com"]
[Source "ChessBase"]
[SourceQuality "1"]

{[%evp 20,51,31,28,41,41,48,51,48,60,48,53,58,32,34,33,21,25,25,24,24,21,22,20,21,25,20,17,35,0,15,0,26,0]} 1. d4 Nf6 2. Nf3 g6 3. Nbd2 d5 4. e3 Bg7 5. b4 O-O 6. c4 c6 7. Bb2 Bg4 8. Be2 {A48: 1 d4 Nf6 2 Nf3 g6: Torre, London and Colle Systems} Nbd7 9. O-O e6 10. h3 Bxf3 11. Bxf3 {LiveBook: 3 Games} Qe7 $146 ({Predecessor:} 11... Re8 12. Qb3 a6 13. a4 h5 {1-0 (38) Malakhov,V (2693)-Martinovic,S (2563) Sibenik 2016}) 12. Qb3 e5 13. cxd5 cxd5 14. dxe5 Nxe5 15. Bd4 Rfd8 16. b5 a6 17. a4 Nxf3+ 18. Nxf3 Ne4 19. Bxg7 Kxg7 20. a5 Qf6 21. Rac1 axb5 22. Qxb5 Nc3 23. Qb2 Ne4 24. Qb5 Nc3 25. Qb2 Ne4 26. Qb5 {Precision: White = 52%, Black = 68%.} 1/2-1/2

[Event "2nd Stars Cup 2017"]
[Site "Anzali"]
[Date "2017.07.14"]
[Round "3"]
[White "Jobava, Baadur"]
[Black "Ghaem Maghami, Ehsan"]
[Result "1/2-1/2"]
[WhiteElo "2714"]
[BlackElo "2556"]
[Annotator "TA"]
[PlyCount "74"]
[EventDate "2017.??.??"]
[EventType "schev"]
[EventCountry "IRI"]
[SourceTitle "playchess.com"]
[Source "ChessBase"]
[SourceQuality "1"]

{[%evp 13,74,15,19,26,35,31,37,22,36,33,27,22,31,18,21,19,18,20,19,19,15,16,31,15,18,16,21,4,6,0,0,0,0,0,0,0,0,0,0,0,0,0,0,0,0,0,0,0,0,0,0,0,0,0,0,0,0,0,0,0,0,0,0]} 1. d4 Nf6 2. c4 e6 3. Nf3 Bb4+ 4. Bd2 Qe7 5. e3 O-O 6. Bxb4 Qxb4+ 7. Qd2 Qxd2+ {LiveBook: 11 Games. E11: Bogo-Indian} (7... Qe7 8. Nc3 d6 9. Be2 Nc6 10. O-O e5 11. Nd5 Qd8 12. dxe5 dxe5 13. Rfd1 {½-½ (13) Mirzoev,A (2541)-Kazakovskiy,V (2433) Panevezys 2017}) 8. Nfxd2 b6 9. Nc3 Bb7 {White is slightly better.} 10. f3 $146 ({Predecessor:} 10. Nb5 Rc8 11. f3 d6 12. Rc1 a6 13. Nc3 c5 14. Bd3 Nbd7 15. Ke2 cxd4 16. exd4 {1-0 (78) Boudiba,M (2364)-Meyer,F (2128) France 2008}) 10... Nc6 11. Kf2 Ne7 12. Bd3 d6 13. Nde4 Nxe4+ 14. Bxe4 Bxe4 15. Nxe4 Rfd8 16. Rhd1 c6 17. Rac1 h6 18. Nc3 d5 {The position is equal.} 19. cxd5 cxd5 20. Ne2 Rac8 21. e4 f6 22. Ke3 Kf7 23. Rxc8 Rxc8 24. Rc1 Rxc1 25. Nxc1 $11 {[%mdl 4096] Endgame KN-KN} Nc6 26. Nd3 g5 27. g4 Ke7 28. exd5 exd5 29. Nc1 Ke6 (29... f5 $5) 30. Ne2 f5 {[%cal Bf6f5,Bf5f4][%mdl 32]} 31. h3 f4+ 32. Kd2 Na5 33. b3 Nc6 34. Kc3 Ne7 35. Kd3 Nc6 36. Kc3 Ne7 37. Kd3 Nc6 {Precision: White = 88%, Black = 78%.} 1/2-1/2

[Event "2nd Stars Cup 2017"]
[Site "Anzali"]
[Date "2017.07.14"]
[Round "3"]
[White "Van Wely, Loek"]
[Black "Tabatabaei, M amin"]
[Result "1-0"]
[WhiteElo "2675"]
[BlackElo "2509"]
[Annotator "TA"]
[PlyCount "99"]
[EventDate "2017.??.??"]
[EventType "schev"]
[EventCountry "IRI"]
[SourceTitle "playchess.com"]
[Source "ChessBase"]
[SourceQuality "1"]

{[%evp 32,99,0,0,12,26,60,6,0,0,0,3,32,12,28,20,24,16,27,6,8,0,18,2,36,12,62,23,37,0,23,23,17,17,27,20,34,44,40,33,79,63,63,69,129,166,204,189,229,235,322,307,300,290,259,259,259,259,259,259,798,718,1324,1302,29955,9216,29980,29981,29961,29957]} 1. c4 Nf6 2. Nc3 g6 3. e4 d6 4. d4 Bg7 5. Nf3 O-O 6. Be2 e5 7. Be3 exd4 8. Nxd4 Re8 9. f3 c6 10. Bf2 d5 11. exd5 cxd5 12. O-O Nc6 13. c5 Bf8 {E92: King's Indian: Classical: 6 Be2 e5: 7 dxe5, 7 Be3 and Petrosian System without 7...Nbd7} 14. Bb5 Bd7 15. Bxc6 bxc6 16. b4 Nh5 17. Qd2 {LiveBook: 3 Games} a5 18. a3 Qf6 19. Nce2 ({White should try} 19. Na4 $1 $14) 19... Ng7 {[#]} 20. Rac1 $146 ({Predecessor:} 20. Rae1 Rab8 21. Nc1 axb4 22. axb4 {½-½ (46) Postny,E (2651)-Van Kampen,R (2638) Tromsoe 2014}) 20... axb4 21. axb4 Rac8 22. Rfd1 h5 23. h3 Kh7 24. Ra1 Ra8 25. Rxa8 (25. Qf4 $5 {[%cal Rf4f6]} Qxf4 26. Nxf4 $11) 25... Rxa8 26. Be3 Be7 27. Re1 h4 28. Nf4 g5 29. Nfe2 {[%cal Bf4e2,Be2c1,Bc1b3,Bb3d4][%mdl 32]} Qg6 30. Nc1 Nf5 31. Nxf5 Bxf5 32. Bd4 Bf6 33. Nb3 Ra3 34. Bxf6 Qxf6 35. Qd4 $1 $36 {[%cal Rd4f6][%mdl 2048] White has some pressure.} Kg7 36. Re8 $1 {[%cal Re8g8]} Qxd4+ ({Don't go for} 36... Rxb3 $2 37. Rg8+ $1 {[%mdl 512]} Kxg8 38. Qxf6 $18) 37. Nxd4 $14 {[%mdl 4096] Endgame KRB-KRN} Bd7 ({Black should play} 37... Ra1+ $14 38. Kh2 Bd3) 38. Rd8 $16 Rd3 39. b5 $1 {[%cal Bb4b5,Bb5b6][%mdl 32]} Rxd4 $18 {KRB-KR} 40. b6 $1 Rb4 41. Rxd7 {KR-KR} Rb5 42. Rd8 $1 Kf6 43. Rd6+ Ke5 {Hoping for ...Rxb6!} 44. Rxc6 d4 {[#]} 45. Kf2 $1 {Strongly threatening Rc7.} Rb2+ $2 (45... d3 46. Ke3 Kd5) 46. Ke1 g4 47. Rc7 g3 {[#]} 48. b7 $1 d3 49. Rd7 Kf4 50. c6 {Precision: White = 67%, Black = 29%.} 1-0

[Event "2nd Stars Cup 2017"]
[Site "Anzali"]
[Date "2017.07.14"]
[Round "3"]
[White "Shirov, Alexei"]
[Black "Mousavi, Seyed Khalil"]
[Result "1/2-1/2"]
[WhiteElo "2656"]
[BlackElo "2424"]
[Annotator "TA"]
[PlyCount "71"]
[EventDate "2017.??.??"]
[EventType "schev"]
[EventCountry "IRI"]
[SourceTitle "playchess.com"]
[Source "ChessBase"]
[SourceQuality "1"]

{[%evp 17,71,4,14,12,53,58,82,91,102,86,101,81,109,82,119,59,88,7,22,10,83,76,60,0,0,0,0,-58,0,0,0,0,0,0,0,0,0,0,0,0,0,0,0,0,0,0,0,0,0,0,0,0,0,0,0,0]} 1. e4 e6 2. d4 d5 3. e5 c5 4. c3 Nc6 5. Nf3 Qb6 6. a3 Nh6 7. b4 cxd4 8. Bxh6 gxh6 9. cxd4 Bd7 $1 10. Ra2 {C02: French: Advance Variation} Ne7 $146 ({Predecessor:} 10... Rg8 11. h3 h5 12. g3 h4 13. g4 Be7 14. Be2 f6 15. b5 Nd8 16. Qd3 Rg7 17. Nc3 Nf7 {0-1 (38) Shirov,A (2684)-Nakamura,H (2787) Zuerich 2016}) 11. Bd3 a5 12. b5 {White is better.} Ng6 13. Qd2 Bg7 14. h4 h5 15. Nc3 O-O 16. Ne2 (16. Na4 $16 Qd8 17. Rc2) 16... f6 $14 {[%cal Rf6e5]} 17. exf6 (17. Bxg6 $16 hxg6 18. exf6 Rxf6 19. a4) 17... Rxf6 $11 18. a4 Qd6 (18... Raf8 $1 $11) 19. Bxg6 Rxg6 20. Nf4 (20. O-O $1 $14) 20... Rg4 21. g3 Rf8 {[%cal Ba8f8,Bf8f4,Bf4e4][%mdl 32]} 22. Kd1 ({White should play} 22. Kf1 $11) 22... Rgxf4 (22... Bh6 $15 23. Ne5 Bxf4 24. gxf4 Rgxf4 25. Rg1+ Kh8) 23. gxf4 {The position is equal.} Rxf4 24. Rh3 Qf8 25. Ne5 Qf5 26. Rg3 Qb1+ 27. Ke2 Re4+ 28. Re3 $1 Bxe5 $1 29. dxe5 d4 30. Rxe4 Qxe4+ {[%mdl 4096] Endgame KQR-KQB} 31. Kd1 Qb1+ 32. Qc1 Qxa2 33. Qg5+ Kf8 34. Qf6+ Ke8 35. Qh8+ Ke7 36. Qf6+ {Precision: White = 43%, Black = 60%.} 1/2-1/2

[Event "2nd Stars Cup 2017"]
[Site "Anzali"]
[Date "2017.07.14"]
[Round "3"]
[White "Wen, Yang"]
[Black "Idani, Pouya"]
[Result "1-0"]
[WhiteElo "2617"]
[BlackElo "2578"]
[Annotator "TA"]
[PlyCount "85"]
[EventDate "2017.??.??"]
[EventType "schev"]
[EventCountry "IRI"]
[SourceTitle "playchess.com"]
[Source "ChessBase"]
[SourceQuality "1"]

{[%evp 14,85,0,-8,10,14,33,5,17,0,0,-10,1,16,72,41,58,36,71,71,58,62,66,55,65,59,58,45,44,58,73,79,77,77,107,104,114,107,113,108,111,92,131,125,160,138,147,152,126,138,161,138,138,137,192,183,193,193,203,160,192,192,195,195,229,231,240,233,237,242,233,231,265,273]} 1. Nf3 d5 2. g3 g6 3. Bg2 Bg7 4. d4 Nf6 5. c4 c6 6. Qa4 {D73: Fianchetto Grünfeld: 5 Nf3} Nfd7 7. Qc2 O-O 8. O-O {LiveBook: 7 Games. The position is equal.} Nf6 9. Bf4 Qb6 (9... Bf5 $5 {[%cal Rf5c2]} 10. Qb3 Qb6 $11) 10. Nbd2 Bf5 11. Qb3 Nbd7 $146 ({Predecessor:} 11... Ne4 12. e3 Qxb3 13. axb3 Na6 14. cxd5 cxd5 15. g4 Bxg4 16. Nxe4 dxe4 {1-0 (37) Carlsen,M (2872)-Gelfand,B (2777) Zuerich 2014}) 12. h3 Qxb3 (12... dxc4 {keeps more tension.} 13. Nxc4 Qa6 14. Rfc1 Nb6 15. Nxb6 Qxb6 16. Qxb6 axb6 17. a4 Rfc8) 13. axb3 Ne4 (13... h5 $11 {keeps the balance.}) 14. cxd5 cxd5 15. g4 Nxd2 16. Nxd2 Be6 17. e3 Rfc8 18. Rfc1 a6 19. Rc3 h6 20. Ra5 Nf6 21. Be5 b6 22. Ra1 Nd7 23. Bc7 f5 24. gxf5 gxf5 25. b4 Bf7 26. Bf1 Ra7 27. Bh2 Rca8 28. Nf3 Bf8 29. Rc7 Rxc7 30. Bxc7 Ra7 31. Bf4 e6 32. Rxa6 Rxa6 33. Bxa6 Bxb4 (33... Bh5 $16 {was worth a try.}) 34. Bxh6 $18 Nf6 35. Bf4 Be8 36. Be5 Kf7 37. Bc7 b5 38. Bd8 Ne4 39. Ne5+ Kf8 40. Bc8 Be7 41. Ba5 Bf7 42. Bd7 Bh4 43. Be1 {Precision: White = 85%, Black = 46%.} 1-0

[Event "2nd Stars Cup 2017"]
[Site "Anzali"]
[Date "2017.07.14"]
[Round "3"]
[White "Maghsoodloo, Parham"]
[Black "Sokolov, Ivan"]
[Result "1-0"]
[WhiteElo "2584"]
[BlackElo "2626"]
[Annotator "TA"]
[PlyCount "83"]
[EventDate "2017.??.??"]
[EventType "schev"]
[EventCountry "IRI"]
[SourceTitle "playchess.com"]
[Source "ChessBase"]
[SourceQuality "1"]

{[%evp 19,83,-40,-31,-39,-10,-39,14,22,22,4,0,0,16,0,0,0,56,49,154,81,71,93,85,75,111,105,118,96,114,91,86,81,82,77,83,45,131,110,140,152,200,185,204,209,206,202,271,270,276,268,453,265,265,255,265,257,265,265,281,266,326,330,320,319,491,450]} 1. Nf3 d5 2. g3 c5 3. Bg2 Nc6 4. O-O Nf6 5. d3 Bg4 {[%cal Bc8g4,Bg4h5,Bh5g6][%mdl 32]} 6. Nbd2 e6 7. h3 Bh5 8. g4 {A08: King's Indian Attack} (8. e4 Be7 9. c3 O-O 10. Qc2 Re8 11. a3 e5 12. Re1 Bf8 13. b3 d4 14. c4 Nd7 15. Nh2 Bd6 16. Rf1 {1-0 (50) Movsesian,S (2721)-Socko,B (2660) Warsaw 2010}) 8... Bg6 9. Nh4 Qc7 10. e3 Be7 {LiveBook: 3 Games} 11. f4 Nd7 $146 ({Predecessor:} 11... O-O-O 12. Ndf3 Nd7 13. Ng5 Rhf8 14. Bd2 Bxg5 15. fxg5 Nde5 {0-1 (44) McGeary,W-Schroer,J (2390) Los Angeles 1991}) 12. Ndf3 c4 (12... O-O-O $15) 13. Nxg6 $11 hxg6 14. dxc4 dxc4 15. Qe2 Nb4 16. e4 {[%cal Be3e4,Be4e5][%mdl 32]} c3 17. b3 a5 (17... O-O-O $11) 18. a3 $14 Qb6+ (18... Nc6 $14) 19. Kh1 (19. Be3 $142 Bc5 20. Bxc5 Qxc5+ 21. Kh2) 19... Qa6 $16 20. Qxa6 Nxa6 21. e5 Nac5 22. Nd4 Rd8 {intending ...Nxe5.} 23. Nb5 f5 24. gxf5 gxf5 25. Nxc3 Kf7 26. Be3 Rc8 {...Nxb3 would now be nice for Black.} 27. Bd4 g5 (27... Rh4 $14) 28. fxg5 Bxg5 29. b4 axb4 30. axb4 Na6 31. Ne4 Be7 32. c3 $1 Nab8 {[#]} 33. Ra7 $1 ({Weaker is} 33. Nd6+ Bxd6 34. exd6 e5 $16) 33... Nc6 34. Rxb7 Nxd4 $2 (34... Rhd8 35. Bb6 Ncxe5 36. Bxd8 Rxd8) 35. cxd4 (35. Rxd7 $142 {Black must now prevent Nd6+.} Ke8 36. Rxd4 fxe4 37. Bxe4 Rxh3+ 38. Kg2) 35... Rhd8 $18 36. b5 Rb8 37. Nc3 Rxb7 38. Bxb7 Nb6 {[#]} 39. Ne2 $1 Rd7 40. Bf3 Bg5 41. Ra1 Be3 (41... Nd5 {was necessary.} 42. Kh2 Be3 43. Bxd5 Rxd5) 42. Ra6 {Precision: White = 74%, Black = 29%.} 1-0

[Event "2nd Stars Cup 2017"]
[Site "Anzali"]
[Date "2017.07.14"]
[Round "3"]
[White "Firouzja, Alireza"]
[Black "Bruzon Batista, Lazaro"]
[Result "1/2-1/2"]
[WhiteElo "2499"]
[BlackElo "2653"]
[Annotator "RC"]
[PlyCount "80"]
[EventDate "2017.??.??"]
[EventType "schev"]
[EventCountry "IRI"]
[SourceTitle "playchess.com"]
[Source "ChessBase"]
[SourceQuality "1"]
[TimeControl "40/5400+30:1800+30"]

1. e4 {[%emt 0:00:00]} e5 {[%emt 0:00:06]} 2. Nf3 {[%emt 0:00:00]} Nc6 {[%emt 0:00:05]} 3. Bb5 {[%emt 0:00:00]} a6 {[%emt 0:00:06]} 4. Ba4 {[%emt 0:00:00]} Nf6 {[%emt 0:00:04]} 5. O-O {[%emt 0:00:01]} Be7 {[%emt 0:00:07]} 6. Re1 {[%emt 0:00:06]} b5 {[%emt 0:00:04]} 7. Bb3 {[%emt 0:00:05]} d6 {[%emt 0:00:06]} 8. c3 {[%emt 0:00:05]} O-O {[%emt 0:00:06]} 9. h3 {[%emt 0:00:09]} Bb7 {[%emt 0:02:35]} 10. d4 {[%emt 0:00:44]} Re8 {[%emt 0:00:06]} 11. Nbd2 {[%emt 0:00:24]} Bf8 {[%emt 0:00:07]} 12. a3 {[%emt 0:01:15]} h6 {[%emt 0:00:31]} 13. Bc2 {[%emt 0:01:06]} Nb8 {[%emt 0:00:26]} 14. b4 {[%emt 0:07:42]} Nbd7 {[%emt 0:00:47]} 15. Bb2 {[%emt 0:01:45]} g6 {[%emt 0:00:28]} 16. Qb1 {[%emt 0:05:45]} Rb8 {[%emt 0:03:46]} 17. c4 {[%emt 0:05:57]} exd4 {[%emt 0:02:42]} 18. cxb5 {[%emt 0:06:46]} axb5 {[%emt 0:00:18]} 19. Nxd4 {[%emt 0:00:53]} Ba8 {[%emt 0:10:53]} 20. Bb3 {[%emt 0:12:24]} c5 {[%emt 0:08:18]} 21. bxc5 {[%emt 0:02:17]} Nxc5 {[%emt 0:16:53]} 22. Ba2 {[%emt 0:00:02]} Bg7 {[%emt 0:06:52]} 23. e5 {[%emt 0:28:16]} dxe5 {[%emt 0:00:17]} 24. Qxg6 {[%emt 0:05:05]} Bd5 {[%emt 0:09:41]} 25. Qc2 {[%emt 0:01:22]} exd4 {[%emt 0:06:36]} 26. Rxe8+ {[%emt 0:00:45]} Qxe8 {[%emt 0:00:07]} 27. Bxd5 {[%emt 0:00:41]} Na4 {[%emt 0:07:24]} 28. Ba2 {[%emt 0:02:02]} d3 {[%emt 0:00:44]} 29. Qc7 {[%emt 0:00:18]} Nxb2 {[%emt 0:03:34]} 30. Bxf7+ {[%emt 0:00:47]} Qxf7 {[%emt 0:00:03]} 31. Qxb8+ {[%emt 0:00:08]} Kh7 {[%emt 0:00:07]} 32. Qxb5 {[%emt 0:05:25]} Nh5 {[%emt 0:03:20]} 33. Rb1 {[%emt 0:01:54]} Nf4 {[%emt 0:18:31]} 34. Rxb2 {[%emt 0:00:50]} Bxb2 {[%emt 0:00:03]} 35. Qxb2 {[%emt 0:00:11]} Ne2+ {[%emt 0:00:08]} 36. Kh1 {[%emt 0:04:09]} Qxf2 {[%emt 0:00:05]} 37. Qb7+ {[%emt 0:02:07]} Kh8 {[%emt 0:00:42]} 38. Qc8+ {[%emt 0:00:35]} Kh7 {[%emt 0:00:09]} 39. Qd7+ {[%emt 0:00:34]} Kh8 {[%emt 0:00:13]} 40. Qd8+ {[%emt 0:00:00]} Kg7 {[%emt 0:00:04]} 1/2-1/2